00760nam a2200241 i 4500001000300000003000900003005001700012008004100029040004200070041000800112080000800120100004000128245007200168260002100240650002300261655001700284650001400301700002900315856009700344942001200441999001500453952005000468bgKOSZ 00520200425170958.0950704s1970 pl f |000 0 pol d cKOSZ 005/HRaKOSZ 005/HRdKOSZ 005/HR apol a0021 aSaniszewski Zdzisławd(1925-2002). 0aKartoteki informacyjne /cZdzisław Staniszewski, Barbara Wdowczyk. aWarszawa,c1970. 4aInformacja naukowa 4aPodręcznik 4aKartoteka1 aWdowczyk, BarbaraeAutor uhttp://koha.tu.koszalin.pl/cgi-bin/koha/opac-detail.pl?biblionumber=7238yKatalog online BPK cKS2UKD c7238d7238 00104070aBPKbBPKcwoP 2589p01790399yKS